00772 a2200169 4500003000500000005001700005040000900022082001200031100003900043245009700082260003600179300001500215505031700230538002900547650001400576651001200590Nust20170207153220.0 cNust a621.382 aAkhtar, Maj Ahmed Naeem (MSEE-13) aDetection of IR-UWB signal using statistical correlation techniquecMaj Ahmad Naeem Akhtar  bMCS, NUSTcApr 2009aRawalpindi axix,116,p; aIntroduction (page-1) Impulse radio-Ultra wideband propagation (page-22) IR-UWB receiver design (page-34) UWB channel model (page-47) Existing techniques and proposed methodology for IR-UWB (page-57) Simulation results and analysis (page-82) Conclusion and recommended future work (page-95) References (page-98). aAlmirah No 69 Shelf No 2 aPG Thesis aMSEE-13